000 00353nam a2200145Ia 4500
008 221030s9999 xx 000 0 und d
041 _aEnglish
082 _a105.23
_bMor
100 _aA. T. Morgan
245 0 _aHandbook of Quotations
_cby A. T. Morgan
260 _bGeneral Book Depo
_aDelhi
_c1999
300 _a487
650 _aGeneral
942 _cBK
999 _c7045
_d7045